000 00299nam a22001337a 4500
008 170519b xxu||||| |||| 00| 0 eng d
020 _a0140510559
041 _aeng
080 _a94(100)
100 _a16
101 _aSHH
245 _aWHO'S WHO IN THE ANCIENT WORLD
_cRADICE,B
942 _2udc
_cBK
999 _c13569
_d13569